000 00514nam a22001457a 4500
003 0
005 20160609172417.0
008 130814t xxu||||| |||| 00| 0 eng d
040 _aBUAC
_bFr
_cBEPAC
100 _aFAVI, BAÏ Diane
_926723
245 _aUtilisation des plants pièges pour Hélicoverpa armigera dans un processus de lutte intégrée en culture cotonnière au CRA-CF Nord
_cFAVI, BAÏ Diane
260 _aAbomey-Calavi
_bEcole Polytechnique d’Abomey-Calavi
_c2006
300 _a40 p.
942 _cTHE
999 _c52891
_d52891